| 000 | 00358nam a22001217a 4500 | ||
|---|---|---|---|
| 008 | 170125b xxu||||| |||| 00| 0 eng d | ||
| 050 | _aBX1751.2.D75 1988 | ||
| 100 |
_aD'Souza, Gregory _928477 |
||
| 245 |
_aTransforming Flame _cGregory D'Souza |
||
| 260 |
_aBangalore _bSt. Paul Publications _c1988 |
||
| 300 |
_axii, 214p. ; _c22cm. |
||
| 942 |
_2lcc _cMONOGRAPH |
||
| 999 |
_c126011 _d126011 |
||